Finančná nerovnosť európskych futbalových súťaží – kde hľadať príčiny?
Mix otvorených futbalových líg bez výrazných finačných regulácií vytvoril ideálne prostredie pre netransparentný ligový systém a nadvládu vplyvu peňazí. Zásah finančných skupín a oligarchov do európskeho futbalu a kupovanie podielov vo vybraných kluboch. Nutnosť dodržiavania pravidiel a zavedenie re...
Gespeichert in:
| 1. Verfasser: | |
|---|---|
| Format: | Buchkapitel |
| Sprache: | Slowakisch |
| Schlagworte: | |
| Tags: |
Keine Tags, Fügen Sie das erste Tag hinzu!
|
MARC
| LEADER | 00000naa a2200000 4500 | ||
|---|---|---|---|
| 001 | 0217143 | ||
| 005 | 20230912114922.9 | ||
| 041 | 0 | |a slo | |
| 044 | |a SK | ||
| 245 | 1 | 0 | |a Finančná nerovnosť európskych futbalových súťaží – kde hľadať príčiny? |c Matúš Parízek |
| 520 | |a Mix otvorených futbalových líg bez výrazných finačných regulácií vytvoril ideálne prostredie pre netransparentný ligový systém a nadvládu vplyvu peňazí. Zásah finančných skupín a oligarchov do európskeho futbalu a kupovanie podielov vo vybraných kluboch. Nutnosť dodržiavania pravidiel a zavedenie reforiem. | ||
| 610 | 2 | 0 | |a financovanie |
| 610 | 2 | 0 | |a šport |
| 610 | 2 | 0 | |a súťaže |
| 610 | 2 | 0 | |a telovýchova |
| 610 | 2 | 0 | |a kapitál cudzí |
| 610 | 2 | 0 | |a manažment finančný |
| 610 | 2 | 0 | |a private equity |
| 610 | 2 | 0 | |a zdroje finančné |
| 610 | 2 | 0 | |a transparentnosť |
| 100 | 1 | |a Parízek, Matúš | |